Statistics for All Google Brand Logos Picture Quiz

Click here to take the quiz!

General Stats

  • This quiz has been taken 1,323 times
  • The average score is 17 of 41

Answer Stats

Answer% Correct
YouTube
90%
Google Drive
88%
Google Chrome
84%
Google Mail
82%
Google Maps
81%
Google Calendar
77%
Google Docs
77%
Google Play
77%
Google News
71%
Google Translate
70%
Android
69%
Google Classroom
58%
Google Plus
55%
Google Photos
54%
Google Slides
48%
Google Earth
45%
Google One
43%
Google Hangouts
42%
Google Sheets
42%
Google Meet
38%
Google Assistant
33%
Google Contacts
33%
Google Forms
33%
Google Keep
33%
Google Duo
30%
Google Shopping
26%
Google Stadia
24%
Blogger
22%
Jamboard
18%
Google Sites
15%
Google Street View
15%
Google Drawings
12%
Google Accounts
10%
Google Ads
10%
Google Chat
10%
Google Adsense
8%
Google Voice
8%
Firebase
7%
Google Analytics
7%
Flutter
4%
Google Fonts
4%

Score Distribution

Percentile by Number Answered

Percent of People with Each Score

Your Score History

You have not taken this quiz